[Event "Women's Speed Chess GP3"]
[Site "chess.com INT"]
[Date "2020.07.12"]
[Round "4.8"]
[White "Hou, Yifan"]
[Black "Lagno, Kateryna"]
[Result "1-0"]
[WhiteTitle "GM"]
[BlackTitle "GM"]
[WhiteElo "2658"]
[BlackElo "2546"]
[WhiteFideId "8602980"]
[BlackFideId "14109336"]
[EventDate "2020.07.08"]
[EventType "k.o. blitz"]

1. e4 e5 2. Bc4 Nc6 3. d3 Nf6 4. Nf3 Be7 5. O-O O-O 6. Re1 d6 7. c3 Kh8 8. Nbd2
Ng8 9. d4 f5 10. dxe5 dxe5 11. exf5 Bxf5 12. Qe2 Bd6 13. Ne4 Qe8 14. h3 Nf6 15.
Nxf6 Rxf6 16. Ng5 Bc5 17. Be3 Bxe3 18. Qxe3 a6 19. Rad1 h6 20. Ne4 Bxe4 21. Qxe4
Rf4 22. Qe2 Rd8 23. Bd3 Qe7 24. g3 Rf6 25. Qe4 g6 26. Bc2 Rfd6 27. Rxd6 Rxd6 28.
h4 Kg7 29. h5 Qf6 30. hxg6 Rd2 31. Re2 Rxe2 32. Qxe2 Ne7 33. Qe4 c6 34. Qb4 b5
35. Qc5 Qg5 36. Kg2 h5 37. Qd6 h4 38. Qe6 Qf6 39. Qxf6+ Kxf6 40. gxh4 Nxg6 41.
Bxg6 Kxg6 42. Kg3 Kh5 43. f4 e4 44. Kf2 Kxh4 45. Ke3 Kg4 46. Kxe4 a5 47. f5 Kg5
48. Ke5 b4 49. f6 bxc3 50. bxc3 Kg6 51. Ke6 1-0

[Event "Women's Speed Chess GP3"]
[Site "chess.com INT"]
[Date "2020.07.12"]
[Round "4.9"]
[White "Lagno, Kateryna"]
[Black "Hou, Yifan"]
[Result "0-1"]
[WhiteTitle "GM"]
[BlackTitle "GM"]
[WhiteElo "2546"]
[BlackElo "2658"]
[WhiteFideId "14109336"]
[BlackFideId "8602980"]
[EventDate "2020.07.08"]
[EventType "k.o. blitz"]

1. e4 c5 2. Nf3 e6 3. d4 cxd4 4. Nxd4 Nc6 5. Nb5 d6 6. c4 Nf6 7. N1c3 a6 8. Nd4
Qc7 9. Be2 Be7 10. Be3 Ne5 11. Rc1 b6 12. f4 Ned7 13. O-O Bb7 14. Bf3 O-O 15. b4
Rfe8 16. Nb3 Rac8 17. Nd2 Qb8 18. Qe2 h6 19. a3 Qa8 20. Kh1 b5 21. cxb5 axb5 22.
Nxb5 Ba6 23. a4 Qb8 24. Nb3 Nb6 25. Bxb6 Qxb6 26. Rxc8 Rxc8 27. Rc1 Rb8 28. e5
dxe5 29. fxe5 Nd5 30. Bxd5 exd5 31. N3d4 Qxd4 32. Nxd4 Bxe2 33. Nxe2 Rxb4 34.
Ra1 d4 35. a5 d3 36. a6 dxe2 37. a7 Ra4 38. a8=Q+ Rxa8 39. Rxa8+ Kh7 40. Ra1 Bb4
41. Kg1 e1=Q+ 42. Rxe1 Bxe1 43. Kf1 Bc3 44. Ke2 Bxe5 45. Kf3 Bxh2 46. g3 Bxg3
47. Kxg3 g5 48. Kg4 Kg6 49. Kg3 f5 50. Kf3 f4 51. Kg4 h5+ 52. Kh3 Kf5 0-1

[Event "Women's Speed Chess GP3"]
[Site "chess.com INT"]
[Date "2020.07.12"]
[Round "4.10"]
[White "Hou, Yifan"]
[Black "Lagno, Kateryna"]
[Result "1-0"]
[WhiteTitle "GM"]
[BlackTitle "GM"]
[WhiteElo "2658"]
[BlackElo "2546"]
[WhiteFideId "8602980"]
[BlackFideId "14109336"]
[EventDate "2020.07.08"]
[EventType "k.o. blitz"]

1. e4 e5 2. Bc4 Nc6 3. Nf3 Nf6 4. d3 Be7 5. O-O O-O 6. Re1 d6 7. c3 Na5 8. Bb5
a6 9. Ba4 c5 10. Nbd2 b5 11. Bc2 Nc6 12. Nf1 Be6 13. h3 h6 14. N3h2 Qd7 15. Qf3
d5 16. Ne3 dxe4 17. dxe4 Rad8 18. Nhg4 Nxg4 19. hxg4 Bg5 20. Nf5 Bxf5 21. exf5
Rfe8 22. Bxg5 hxg5 23. Be4 Nb8 24. f6 Qe6 25. fxg7 Kxg7 26. Qe3 Qe7 27. Rad1 Rh8
28. g3 Nd7 29. Kg2 Nf6 30. Qxg5+ Kf8 31. Rxd8+ Qxd8 32. Qxe5 Rh2+ 33. Kg1 Rh8
34. g5 Qd2 35. Bc6 Rh1+ 36. Bxh1 1-0

[Event "Women's Speed Chess GP3"]
[Site "chess.com INT"]
[Date "2020.07.12"]
[Round "4.11"]
[White "Lagno, Kateryna"]
[Black "Hou, Yifan"]
[Result "1/2-1/2"]
[WhiteTitle "GM"]
[BlackTitle "GM"]
[WhiteElo "2546"]
[BlackElo "2658"]
[WhiteFideId "14109336"]
[BlackFideId "8602980"]
[EventDate "2020.07.08"]
[EventType "k.o. blitz"]

1. e4 c5 2. Nf3 e6 3. d4 cxd4 4. Nxd4 Nc6 5. Nb5 d6 6. c4 Nf6 7. N1c3 a6 8. Nd4
Be7 9. Be3 Qc7 10. Be2 Ne5 11. Rc1 b6 12. O-O Bb7 13. f4 Ned7 14. Bf3 O-O 15. b4
Rfe8 16. Bf2 Rac8 17. Re1 Qb8 18. Qe2 e5 19. Nf5 exf4 20. Nxe7+ Rxe7 21. Nd5
Nxd5 22. cxd5 Bxd5 23. Qxa6 Rxc1 24. Rxc1 Bb7 25. Qb5 h6 26. a4 Qa8 27. Rc7 Ba6
28. Qf5 Qd8 29. Ra7 Bd3 30. Qxf4 Ne5 31. Rxe7 Qxe7 32. Bxb6 Qb7 33. a5 Ba6 34.
h3 Qc6 35. Kh2 Nxf3+ 36. Qxf3 Qb5 37. Qg3 Qxb4 38. Bc7 Qxe4 39. Bxd6 Bb7 40. Be5
Qg6 41. Qf2 Qc6 42. Qb2 f6 43. Bc3 Kf7 44. Qb3+ Kg6 45. Qc2+ Kf7 46. Qd2 h5 47.
Bb4 Kg6 48. Qd3+ Kf7 49. Qe2 Qe4 50. Qxh5+ g6 51. Qh7+ Ke8 52. Qg8+ Kd7 53. Qf7+
Kc8 54. Qf8+ Kd7 55. Qf7+ Kc8 56. Qf8+ Kd7 57. Qg7+ Kc8 58. Qg8+ Kd7 59. Qg7+
Kc8 60. Qf8+ 1/2-1/2

[Event "Women's Speed Chess GP3"]
[Site "chess.com INT"]
[Date "2020.07.12"]
[Round "4.12"]
[White "Hou, Yifan"]
[Black "Lagno, Kateryna"]
[Result "0-1"]
[WhiteTitle "GM"]
[BlackTitle "GM"]
[WhiteElo "2658"]
[BlackElo "2546"]
[WhiteFideId "8602980"]
[BlackFideId "14109336"]
[EventDate "2020.07.08"]
[EventType "k.o. blitz"]

1. e4 e5 2. Nf3 Nc6 3. Bc4 Nf6 4. d3 Be7 5. O-O O-O 6. Re1 d6 7. c3 Kh8 8. Nbd2
Ng8 9. d4 Bg4 10. h3 Bh5 11. g4 Bg6 12. Nf1 Bxe4 13. Rxe4 d5 14. Re1 dxc4 15.
dxe5 Bc5 16. Ng3 Nge7 17. Qe2 b5 18. Be3 Bxe3 19. Qxe3 Qd5 20. Rad1 Qe6 21. Ng5
Qg6 22. f4 f5 23. exf6 Qxf6 24. f5 Qh6 25. Ne6 Qxh3 26. Nxf8 Rxf8 27. Qf3 h5 28.
Re4 hxg4 29. Qxg4 Qxg4 30. Rxg4 Ne5 31. Re4 N7c6 32. Rd6 cxd6 0-1